Logo BPK

Biblioteka

Politechniki Koszalińskiej

FrontPage 2003 PL : (Rekord nr 45518)

Szczegóły MARC
000 -ETYKIETA REKORDU
podpole kontrolne o stałej długości 00787nam a2200241 i 4500
001 - NUMER KONTROLNY REKORDU
pole kontrolne bg
020 ## - MIĘDZYNARODOWY ZNORMALIZOWANY NUMER KSIĄŻKI - ISBN
ISBN 8373617299
040 ## - ŹRÓDŁO KATALOGOWANIA
Instytucja, która utworzyła rekord BPK
041 0# - KOD JĘZYKA
Kod języka tekstu pol
080 ## - UNIWERSALNA KLASYFIKACJA DZIESIĘTNA - UKD
UKD 004.42:004.738.52](07)
920 ## - Międzynarodowy znormalizowany numer książki – ISBN
ISBN 83-7361-729-9
008 - POLE O STAŁEJ DŁUGOŚCI - DANE KONTROLNE
podpole kontrolne o stałej długości s pl f |000 0 pol
100 1# - NAZWA OSOBOWA
Nazwa osobowa Wimmer, Paweł.
245 10 - TYTUŁ/ODPOWIEDZIALNOŚĆ
Tytuł FrontPage 2003 PL :
Ciąg dalszy tytułu nie tylko dla webmasterów /
Pozostałe elementy strefy tytułu i oznaczenia odpowiedzialności Paweł Wimmer.
260 ## - STREFA ADRESU WYDAWNICZEGO
Miejsce wydania Gliwice :
Nazwa wydawcy/dystrybutora "Helion",
Data publikacji, dystrybucji/powstania dokumentu 2004.
300 ## - STREFA OPISU FIZYCZNEGO
Objętość 98 s. :
Inne cechy fizyczne rys. ;
Rozmiary 24 cm.
500 ## - UWAGI OGÓLNE
Tekst uwagi U dołu s. tyt. i okł.: stwórz szkielet witryny i schemat nawigacji, wykorzystaj szablony i style, opublikuj witrynę na serwerze.
504 ## - UWAGA DOTYCZĄCA BIBLIOGRAFII
Informacje o bibliografii Indeks.
650 #9 - HASŁO PRZEDMIOTOWE W FORMIE NAZWY OGÓLNEJ LUB JEDNOSTKOWEJ
Nazwa ogólna lub geograficzna FrontPage
655 ## - TERMIN INDEKSOWY - OKREŚLENIE RODZAJU/FORMY DOKUMENTU
Określenie rodzaju/formy dokumentu Podręczniki
856 ## - LOKALIZACJA I DOSTĘP DO ELEKTRONICZNYCH DOKUMENTÓW ZDALNYCH
Link (URL) http://koha.tu.koszalin.pl/cgi-bin/koha/opac-detail.pl?biblionumber=45518
Tekst linku Katalog online BPK
942 ## - DODATKOWE ELEMENTY (KOHA)
Typ dokumentu Książka
Egzemplarze
Wycofany Status egzemplarza Uszkodzony Dostępność Lokalizacja stała Lokalizacja bieżąca Miejsce przechowywania Sygnatura Kod kreskowy Typ dokumentu
      Dostępny Biblioteka Politechniki Koszalińskiej Biblioteka Politechniki Koszalińskiej Wypożyczalnia BG 74378 02247649 Książka
      Dostępny Biblioteka Politechniki Koszalińskiej Biblioteka Politechniki Koszalińskiej Wypożyczalnia BG 74379 02247632 Książka
© 2023 Biblioteka Politechniki Koszalińskiej :: KOHA